|
|
|
|
| LEADER |
00000nam a2200000 a 4500 |
| 001 |
vtls001366954 |
| 003 |
SK-MaSNL |
| 005 |
20260301070809.0 |
| 008 |
251113s1987 PL 0 pol |
| 035 |
|
|
|a SNK000320639
|
| 040 |
|
|
|a SNK
|b slo
|c SNK
|e AACR2
|
| 041 |
0 |
|
|a pol
|
| 043 |
|
|
|a e-pl
|
| 044 |
|
|
|a PL
|
| 080 |
|
|
|a 711.4(438-31)(091)".../13"
|2 1981
|
| 100 |
1 |
|
|a Piskorski, Jan M.
|d 1956-
|4 aut
|9 302364
|
| 245 |
1 |
|
|a Miasta księstwa szczecińskiego do połowy 14 wieku
|c Jan M. Piskorski
|
| 260 |
|
|
|a Warszawa
|b Państwowe Wydaw. Naukowe
|c 1987
|
| 300 |
|
|
|a 258, [1] s.
|c 8°
|
| 490 |
1 |
|
|a Prace Komisji Historycznej
|v t. 40
|
| 651 |
|
7 |
|a Štetín (Poľsko:kniežactvo)
|x mestá
|x dejiny
|y do stor. 14.
|2 SNK
|9 387585
|
| 830 |
|
0 |
|a Prace Komisji Historycznej
|9 299877
|
| 958 |
|
|
|a RK
|
| 958 |
|
|
|a OND
|
| 999 |
|
|
|c 635530
|d 637460
|
| 952 |
|
|
|t P60, <04>, [BOOK], {604}
|a SNK
|b SNK
|y VYP
|7 0
|p 17A0407829
|o snkIC 105881
|i snkV 2593/87
|0 0
|1 0
|4 0
|d 1999-06-29
|l 0
|r 2005-01-02 00:00:00
|w 2026-02-23
|